000 00520cam a2200145 4500500
005 20251012010630.0
041 _afre
042 _adc
100 1 0 _aChapuis, Émilie
_eauthor
245 0 0 _aRobert Castel : « Les individus ont perdu le sentiment de pouvoir maîtriser leur avenir »
260 _c2009.
500 _a2
786 0 _nPhilosophie magazine | 30 | 6 | 2009-06-01 | p. 3-3 | 1951-1787
856 4 1 _uhttps://shs.cairn.info/magazine-philosophie-magazine-2009-6-page-3?lang=fr&redirect-ssocas=7080
999 _c1519995
_d1519995